Prueba de Entre Ríos - Estadísticas

Estadísticas generales
  • Esta prueba ha sido intentada 41 veces
  • La puntuación promedio es 9 de 15
Estadísticas de respuestas
Pregunta Respuesta % Correcto
Gentilicio Entrerriano
97%
Capital Paraná
97%
País limítrofe Uruguay
97%
Evento anual destacado de Gualeguaychú Carnaval
83%
Primer presidente elegido en virtud de la Constitución Justo José de Urquiza
79%
Parque nacional nombrado por sus árboles El Palmar
76%
Segunda ciudad más poblada Concordia
72%
Ciudad conocida como "La Histórica" (y "Capital de la Cultura") de Entre Ríos Concepción de Uruguay
59%
Entrenador que dirigió las selecciónes de Argentina, Colombia y Venezuela José Néstor Pékerman
52%
Grande especie de ciervo en peligro de extinción Ciervo de los {pantanos}
48%
Tema da la fiesta nacional de esa ciudad y su cultivo principal Citrus
38%
Este producto agrícola es el más significativo de Entre Ríos Arroz
34%
Patrón Arcángel Miguel
28%
Protagonista de Rosa... de lejos Leonor Benedetto
21%
Esta carrera se brindó en Sudamérica por primera vez en la Facultad de Ingeniería de la UNER Bioingeniería
10%
No se encontraron pruebas coincidentes
Distribución de puntuación
Porcentaje de gente con cada puntuación
Porcentaje por número respondido
Historial de tus puntuaciones
No has intentado esta prueba.